Teach English a training course for teachers

Đã lưu trong:
Chi tiết về thư mục
Định dạng: Sách
Được phát hành: 1988
Các nhãn: Thêm thẻ
Không có thẻ, Là người đầu tiên thẻ bản ghi này!
Thư viện lưu trữ: Mạng thư viện Đại học Đà Nẵng
LEADER 00453nam a22001811a 4500
001 000037633
003 13928
005 20160412020417.0
008 160412s1988 000
082 |a 4A(07)962-67 
245 |a Teach English a training course for teachers  |c Adrian Doff 
260 |c 1988 
OWN |a LNN 
999 |a From the UDN01 
TYP |a Monograph 
980 |a Mạng thư viện Đại học Đà Nẵng